000 01531cam a22004094i 4500
003 PE-LiUPU
005 20250731175622.0
008 150623s r 000 0 d
020 _a0800604717
035 _a(Sirsi) i9780800604714
040 _aPE-LiUPU
_bspa
_cPE-LiUPU
_erda
049 _aPRUA
082 0 4 _a492.4
_bM12
_221
100 1 _aMcCarter, Peter Kyle,
_eautor.
245 1 0 _aTextual criticism :
_brecovering the text of the Hebrew Bible /
_cP. Kyle McCarter, Jr.
264 1 _aPhiladelphia :
_bFortress Press,
_c1986.
300 _a94 páginas ;
_c22 centímetros
336 _atext
_2rdacontent
337 _aunmediated
_2rdamedia
338 _avolume
_2rdacarrier
490 0 _aGuides to Biblical Scholarship. Old Testament Guides
504 _aIncluye bibliografía.
505 0 _aThe art and science of textual criticism. -The causes of textual corruption. -The basic procedures of textual criticism. -Appendices.
526 _aP145
526 _aP127
526 _aP97
526 _aP35
526 _aP14
526 _aP07
630 _aBiblia.
_pA.T.
_xCrítica Textual.
942 _2ddc
_cBOOK
949 _a492.4 M12
_wDEWEY
_c1
_i44880
_lCCODEBUL1
_mBUL
_r0
_sY
_tBOOK
_u2015-6-24
_xTEOLOGIA
_PP35
_0COMPRA
_o.STAFF. Colección General
994 _aC0
_bPEPRU
596 _a1
999 _a492.4 M12
_wDEWEY
_c21757
_i44880
_d21757
_f2021-11-11
_g5
_lCCODEBUL1
_mBUL
_q3
_r0
_sY
_tBOOK
_u2015-6-24
_xTEOLOGIA
_PP35
_0COMPRA
_o.STAFF. Colección General
980 _81
_gALBERTO SANCHEZ Responsable de Automatización